Karmine Corp - Statistiques

Statistiques générales
  • Ce quiz a été pris 390 fois
  • Le résultat moyen est 10 sur 14
Statistiques - réponses
Hint Réponse % Correct
Top Laner Cabochard
97%
Mid Laner Saken
96%
Top Laner Adam
92%
Support Targamas
87%
Bot Laner Rekkles
85%
Jungler Cinkrof
82%
Jungler 113
81%
Bot Laner xMatty
77%
Support Hantera
76%
Top Laner Wao
63%
Mid Laner Nuclearint
59%
Jungler Akabane
53%
Bot Laner Jujutw0
34%
Support Helaz
29%
Aucun quiz correspondant
Distribution des résultats
% des personnes avec chaque résultat
Percentile par nombre de réponses
Votre historique - résultats
Vous n’avez pas pris ce quiz